Blast mitigation for structures (Record no. 41540)
[ view plain ]
| 000 -LEADER | |
|---|---|
| fixed length control field | 01385nam a2200289Ia 4500 |
| 245 00 - TITLE STATEMENT | |
| Title | Blast mitigation for structures |
| 260 ## - PUBLICATION, DISTRIBUTION, ETC. (IMPRINT) | |
| Place of publication | Washington, DC. : |
| Name of publisher | National Academy Press, |
| Year of publication | c2000. |
| 300 ## - PHYSICAL DESCRIPTION | |
| Number of Pages | xii, 73 p. : |
| Other physical details | ill. |
| 650 #0 - SUBJECT ADDED ENTRY--TOPICAL TERM | |
| Topical Term | Building, Bombproof. |
| Topical Term | Buildings |
| Topical Term | Structural analysis (Engineering) |
| 856 40 - ELECTRONIC LOCATION AND ACCESS | |
| Uniform Resource Identifier | http://site.ebrary.com/lib/rucke/Doc?id=10068390 |
No items available.
